Cuadernos de Temuco, 1919-1920 /

Bibliographic Details
Main Author: Neruda, Pablo, 1904-1973
Other Authors: Farías, Víctor, 1940-
Format: Book
Language:Spanish
Published: Buenos Aires : Seix Barral, [1996]

MARC

Tag First Indicator Second Indicator Subfields
LEADER 00000cam a2200000 a 4500
001 in00002094271
005 20151102144210.0
008 970418s1996 ag 000 0 spa
010 |a  97141541  
019 |a 36947596 
020 |a 9507311637 
020 |a 9686941223 
035 |a (OCoLC)ocm36858058 
040 |a DLC  |c DLC  |d CUI  |d EL$  |d UtOrBLW 
043 |a s-cl--- 
049 |a TXAM 
050 0 0 |a PQ8097.N4  |b A6 1996 
082 0 0 |a 861  |2 21 
100 1 |a Neruda, Pablo,  |d 1904-1973. 
245 1 0 |a Cuadernos de Temuco, 1919-1920 /  |c Pablo Neruda ; edición y prólogo de Víctor Farías. 
264 1 |a Buenos Aires :  |b Seix Barral,  |c [1996] 
264 4 |c ©1996 
300 |a 230 pages ;  |c 24 cm. 
336 |a text  |b txt  |2 rdacontent 
337 |a unmediated  |b n  |2 rdamedia 
338 |a volume  |b nc  |2 rdacarrier 
520 1 |a "Tres cuadernos de poesía escritos por Neruda en el Liceo de Hombres de Temuco que contienen la mayor cantidad de poemas iniciales en que lo erótico y lo religioso se vinculan, según Farías, 'en interacción casi obsesiva' (20). Textos que anteceden y prefiguran la publicación de Crepusculario"--Handbook of Latin American Studies, v. 58.  |u http://www.loc.gov/hlas/ 
700 1 |a Farías, Víctor,  |d 1940- 
994 |a C0  |b TXA 
948 |a cataloged  |b h  |c 2005/12/12  |d c  |e tmweaver  |f 1:35:43 pm 
999 |a MARS 
999 f f |s 5cf211a7-2ca0-3890-8cd8-26b8ff871919  |i c5e48182-3550-3e38-a4d3-bd6a8c9b208c  |t 0 
952 f f |p noncirc  |a Texas A&M University  |b College Station  |c Cushing Memorial Library & Archives  |d Cushing: Area Studies/Hispanic (Does not check out)  |t 0  |e PQ8097.N4 A6 1996  |h Library of Congress classification  |i unmediated -- volume 
998 f f |a PQ8097.N4 A6 1996  |t 0  |l Cushing: Area Studies/Hispanic (Does not check out)